000 00337nam a2200145 i 4500
001 bg
100 1 _aCZAPÓW, Czesław
245 0 _aSocjotechnika w zakładzie pracy /
_cCz. Czapów.
260 _aWarszawa,
_c1975.
040 _cBPK
041 _apol
080 _a331.04
942 _cKS
008 s pl f |000 0 pol
999 _c21346
_d21346
856 _uhttp://koha.tu.koszalin.pl/cgi-bin/koha/opac-detail.pl?biblionumber=21346
_yKatalog online BPK